000 01411cam a2200373 a 4500
999 _c4000
_d4000
001 14253368
003 OSt
005 20241204150000.0
008 060203r20072006paua a 000 1 eng
010 _a 2006003100
020 _a9781561485369
020 _a9781561485369 (hardcover)
035 _a(OCoLC)ocm64688229
035 _a(OCoLC)64688229
040 _aDLC
_cDLC
_dIG#
_dKH8
_dBAKER
_dLF3
_dYDXCP
_dEHH
_dUPZ
_dDLC
042 _alcac
_alcac
050 0 0 _aPZ8.3.B97895
_bSta 2007
082 0 0 _aFIC BUT
_222
100 1 _aButler, M. Christina.
245 1 2 _aA star so bright :
_ba Christmas tale /
_cM. Christina Butler ; illustrated by Caroline Pedler.
260 _aIntercourse, PA :
_bGood Books,
_cc2007.
300 _a1 v. (unpaged) :
_bcol. ill. ; hardback
_c29 cm.
500 _aOriginally published: London : Little Tiger Press, 2006.
520 _aAnimals of all kinds are filled with wonder when a very special star shines one night and lights up the stable where a baby has been born.
600 0 1 _aJesus Christ
_xNativity
_vFiction.
650 1 _aStars
_vFiction.
650 1 _aAnimals
_vFiction.
650 1 _aStories in rhyme.
655 7 _aPicture books for children.
_2lcsh
700 1 _aPedler, Caroline,
_eill.
906 _a7
_bcbc
_corignew
_d1
_eecip
_f20
_gy-gencatlg
942 _2ddc
_cFIC